00613nam a2200193Ia 4500008004100000020001300041082001700054100002100071245005700092250000800149260003400157300002600191500001900217600002700236650001500263942000700278952011900285999001500404240925s9999 xx 000 0 und d a72321059 a621.3822 MIT aMitra ,Sanjit K 0aDigital Signal Processing: a computer based approach a2nd aBoston:bMC Graw-Hillc,2001. ax,796p.bNAfOriginal aIncludes Index aElectronic Engineering aTechnology cBK 001040708ELaUITUbUITUd2005-01-28eF.B.Cg765.00l0o621.3822 MITpQ6040r2024-09-25 07:14:03w2024-09-25yBK c8539d8539